Loading...
Social Science | 1 | 4 | 0 | 1 | 55 | 62 | 92.80 | 1 | 3 |
History - World History | 0 | 5 | 0 | 1 | 50 | 69 | 95.00 | 0 | 4 |
Auditory Arts | 0 | 5 | 1 | 2 | 45 | 93 | 118.00 | 0 | 3 |
Science - Chemistry | 0 | 4 | 0 | 0 | 40 | 85 | 97.00 | 0 | 1 |
Beliefs | 0 | 4 | 1 | 1 | 35 | 98 | 122.50 | 0 | 2 |
Visual Arts | 0 | 2 | 0 | 2 | 20 | 130 | 130.50 | 0 | 0 |
Literature - World Literature | 0 | 2 | 0 | 1 | 20 | 108 | 124.00 | 0 | 0 |
Science - Biology | 0 | 2 | 0 | 0 | 20 | 113 | 117.50 | 0 | 1 |
Geography | 0 | 2 | 1 | 0 | 15 | 87 | 88.50 | 0 | 2 |
History - European History | 1 | 0 | 1 | 0 | 10 | 50 | 50.00 | 1 | 1 |
Literature - American Literature | 0 | 1 | 0 | 0 | 10 | 122 | 122.00 | 0 | 0 |
Literature - British Literature | 0 | 1 | 0 | 0 | 10 | 116 | 116.00 | 0 | 1 |
Literature - European Literature | 0 | 1 | 0 | 0 | 10 | 126 | 126.00 | 0 | 0 |
History - Ancient History | 0 | 1 | 1 | 0 | 5 | 137 | 137.00 | 0 | 1 |
History - American History | 0 | 1 | 1 | 1 | 5 | 115 | 115.00 | 0 | 0 |
History - Other History | 0 | 1 | 1 | 0 | 5 | 107 | 107.00 | 0 | 0 |
Fine Arts - Other Arts | 0 | 0 | 0 | 0 | 0 | 0.00 | 0 | 0 | |
Science - Physics | 0 | 0 | 1 | 0 | -5 | 0.00 | 0 | 0 | |
Philosophy | 0 | 0 | 1 | 0 | -5 | 0.00 | 0 | 0 |